Countries with the Most Snowfall - Statistics

General Stats
  • This quiz has been taken 183 times
  • The average score is 8 of 10
Answer Stats
Rank Answer % Correct
#2 Canada
97%
#4 Russia
96%
#3 U.S.A
95%
#1 Japan
89%
#5 Norway
89%
#7 China
87%
#6 North Korea
70%
#10 South Korea
68%
#8 Nepal
61%
#9 Greenland
23%
No matching quizzes found
Score Distribution
Percent of People with Each Score
Percentile by Number Answered
Your Score History
You have not taken this quiz